| 000 | 00512nam a2200145Ia 4500 | ||
|---|---|---|---|
| 008 | 100415s9999 xx 000 0 und d | ||
| 082 |
_b2100 _a631.8 |
||
| 100 | _aCorrie Frank Ewart | ||
| 245 | _aLime in Agriculture - 1. In Plant Nutrition, 2. In Animal Nutrition | ||
| 260 |
_aLONDON _c1926 _bCHAPMAN AND HALL |
||
| 365 | _b0 | ||
| 630 | _aLime in Agriculture - 1. In Plant Nutrition, 2. In Animal Nutrition | ||
| 730 | _aLime in Agriculture - 1. In Plant Nutrition, 2. In Animal Nutrition | ||
| 942 | _cBOOK | ||
| 999 |
_c585120 _d585117 |
||